| 000 | 00499nam a22001577a 4500 | ||
|---|---|---|---|
| 003 | macl | ||
| 005 | 20191213125717.0 | ||
| 008 | 191213b xxu||||| |||| 00| 0 eng d | ||
| 040 | _cmacl | ||
| 082 | _a200 | ||
| 100 |
_aझा ,डॉ गाेविन्द _977541 |
||
| 245 | _aसंस्कार पारिजात | ||
| 260 |
_aवारणसी _bकला एवं धर्म शोध संस्थान _c2018 |
||
| 650 |
_aधर्म _977542 |
||
| 942 |
_2ddc _cHIN |
||
| 999 |
_c61573 _d61573 |
||